| 000 | 00361nam a22001337a 4500 | ||
|---|---|---|---|
| 020 | _qPB. | ||
| 040 | _cFIZZA ISHAQ | ||
| 082 |
_a519.2 _bSHE |
||
| 100 |
_aROSS,M.SHELDON. _990082 |
||
| 245 |
_aINTRODUCTION TO PROBABILITY AND STATISTICS FOR ENGINEERS AND SCIENTISTS / _cSHELDON M.ROSS. |
||
| 260 |
_aNEW YORK ; _c2004. |
||
| 300 | _a624 P. ; | ||
| 942 |
_2ddc _cBK |
||
| 999 |
_c589136 _d589136 |
||